Aktuální otázky romského obyvatelstva v ČSFR.

Minulosť Rómov na území ČSFR. Vývoj jazyka Rómov. Demografické údaje o rómskom obyvateľstve. Výchova a vzdelanie rómskych detí. Sociálna úroveň Rómov a jej perspektíva. Kriminalita rómskeho obyvateľstva. Rómske občianske iniciatívy a ich medzinárodné aktivity. Koncepcia štátnej politiky voči Rómom o...

Ausführliche Beschreibung

Gespeichert in:
Bibliographische Detailangaben
Format: Buchkapitel
Sprache:Tschechisch
Schlagworte:
Tags: Tag hinzufügen
Keine Tags, Fügen Sie das erste Tag hinzu!

MARC

LEADER 00000naa a2200000 4500
001 r005222
005 20221125081305.8
041 0 |a cze 
044 |a [CS] 
245 1 0 |a Aktuální otázky romského obyvatelstva v ČSFR. 
520 |a Minulosť Rómov na území ČSFR. Vývoj jazyka Rómov. Demografické údaje o rómskom obyvateľstve. Výchova a vzdelanie rómskych detí. Sociálna úroveň Rómov a jej perspektíva. Kriminalita rómskeho obyvateľstva. Rómske občianske iniciatívy a ich medzinárodné aktivity. Koncepcia štátnej politiky voči Rómom od roku 1945 a návrh jej zásad v ČSFR. 
610 2 0 |a rozvoj sociálny 
610 2 0 |a politika sociálna 
610 2 0 |a štruktúra obyvateľstva 
610 2 0 |a ČSFR 
610 2 0 |a koncepcie 
610 2 0 |a politika národnostná 
610 2 0 |a Rómovia